000 00590nam a2200229Ia 4500
003 OSt
005 20220924151751.0
006 a|||||r|||| 00| 0
007 ta
008 220923b |||||||| |||| 00| 0 tel d
024 _a339111
037 _cTextual
040 _aARTS
_cARTS
_btel
041 _2tel
_atel
082 _aV2:51xM89w, 35K56
100 _aRao Ramakrishna Au.
_9224929
245 0 _aNehru smarika sanchika
260 _c1966
650 _aHISTORY
942 _hV2:51xM89w, 35K56
_cTEXL
_2CC
999 _c467649
_d467649